00470pab a2200157 454500008004000000100002100040245010900061260000900170300001300179362000800192650001300200650001300213700002600226700002500252773003500277180718b2012 xxu||||| |||| 00| 0 eng d aLocke, Catherine aVisiting marriages and remote parenting: Changing strategies of rural - urban migrants to Hanoi, Vietnam c2012 ap.10-25. aJan aMigrants aMarriage aTam, Nguyen Thi Thanh aHoa, Nguyen Thi Ngan aJournal of Development Studies